Brawl Stars titres de maitrises - Statistiques

Statistiques générales
  • Ce quiz a été pris 2 535 fois
  • Le résultat moyen est 53 sur 85
Statistiques - réponses
Hint Réponse % Correct
Joker Chester
90%
Trop BG Colt
90%
PDG de Brawl stars Edgar
87%
Unique qui pique Spike
81%
Boum ! Brock
79%
Furtivité absolue Léon
79%
Miaou~ Kit
76%
El catcheur El costo
75%
Moussaillon Darryl
74%
Bulldozer ! Bull
73%
Collectionneuse Colette
73%
Créature de la nuit Mortis
73%
Ta maman Pam
73%
Super sniper Polly
73%
Cool kid Billie
72%
Petit, petit, petit Dynamike
72%
Licorne Berry
71%
*Croa,cora* Corbac
71%
L'enfant sauvage Nita
71%
Pas l'temps ! Shelly
71%
Pyromane Ambre
70%
#rageux Eliz@
70%
Samourai Kenji
70%
La vitesse c'est MOI Max
70%
El mariachi Poco
70%
Cartes sur table Tara
70%
Ok, bro Surge
69%
Bon coup de pioche Carl
68%
Machine d'amour Ricochet
68%
SYS 64738 A.R.K.A.D.
67%
Trop crevé Emeri
67%
Enfant perdu Gus
67%
#@%** Jacky
67%
Colonel Médor
67%
Super radin Griff
65%
La salière Penny
65%
Poubelle vivante Ash
64%
Un avec la nature Bo
64%
Blockbuster Buster
64%
'Tite saucisse Doug
64%
Accro au fromage Moe
63%
Tête en l'air Tick
63%
Artiste de la savate Fang
62%
Grise mine Gray
61%
As des constructions Jessie
61%
Vert de rage Rosa
61%
Même pas mal ! Frank
59%
P'tite crevette ! Hank
59%
Poupée vaudou Juju
59%
s'est fait ghoster Shade
59%
Persécuteur Stu
59%
T'as eu ta dose ! Bartaba
58%
Tu tires ou tu pointes ? Grom
58%
Dent dure Mandy
58%
Amoureux de la nature Wally
58%
Parle à ma main ! D'jinn
57%
Couteau dans le dos Lily
57%
Assistance technique 2.0 Meg
57%
Robot rigolo Nani
57%
Starr Belle
56%
Juste un accident... Squeak
56%
Ca va piquer ! Béa
55%
Drama queen Lola
55%
Soif de sang Angelo
54%
Mauvaise graine Buzz
53%
Notre mère à tous Eve
53%
Bombe atomique Maisie
53%
Tu m'prends pour qui ? Mico
53%
Manipulateur Willow
53%
Le sensationnel Byron
51%
Coquille cassée Clancy
51%
Innarêtable Bonnie
49%
Maitrise de la roquette Janet
49%
Le boss Monsieur M.
49%
L'artiste Otis
49%
Dur à cuire Pearl
49%
Dans ta face ! Sam
49%
Maestro Chuck
47%
Chasse gardée R-T
46%
Maitre du jeu Draco
45%
Touche à tout Gael
45%
La loi, c'est moi Larry & Lawrie
45%
Intrépide Melody
44%
Tiré par les cheveux Charlie
43%
Toujours là pour toi ! Lou
42%
Aucun quiz correspondant
Distribution des résultats
% des personnes avec chaque résultat
Percentile par nombre de réponses
Votre historique - résultats
Vous n’avez pas pris ce quiz